00372 2200145 4500001002100000005001500021035002000036245006000056100001900116300002000135260003800155082000800193084001400201990001100215INLIS00000000000337620260309115541 a0010-03260000051 aWanita Pengabdi Bangsa (S.K.TRIMURTI) /cSoebagijo I.N.0 aSoebagijo I.N. a247 hlm :bilus aJakarta :bPT Gunung Agung,c1985 a928 a928 SOE w a003417